| 000 | 00788nam a22002657a 4500 | ||
|---|---|---|---|
| 003 | CHAP | ||
| 005 | 20220329134611.0 | ||
| 008 | 971013s r 00010 d | ||
| 010 | _a22849 | ||
| 011 | _a23821 | ||
| 035 | _a27918 | ||
| 040 | _cCHAP | ||
| 090 | _aFolleto 7220y | ||
| 100 | 0 | 0 |
_aDuncker, Herman. _934480 |
| 245 | 1 | _aIntroducción al marxismo; discursos y escritos escogidos de ... | |
| 260 |
_aMéxico, D.F. : _bEdiciones quinto sol, _c(s.a.) |
||
| 300 | _a62 p. | ||
| 590 |
_aBATCH-UPD _b10 _c20130110 _lUCH01 _h1840 |
||
| 590 |
_aCONVERSION _b10 _c20130109 _lUCH01 _h1313 |
||
| 650 | 1 | 4 |
_aMarxismo. _972728 |
| 901 | _aBK | ||
| 942 | _cFOLL | ||
| 949 |
_aFolleto 7220y _bBC _cFOLL _d-64497 _eTS1 _i27918 _si |
||
| 949 |
_aFolleto 7220y _bBC _cFOLL _d-64498 _eTS2 _fc.2 _i27918 _si |
||
| 999 |
_c22849 _d22849 |
||